[Event "XLIV Memoriał Szachowy Ludwika Zamenhofa 2025, Grupa A"]
[Site "Białystok, Poland"]
[Date "2025.12.29"]
[Round "5.5"]
[White "Kozak, Antoni"]
[Black "Sernecki, Franciszek"]
[Result "1-0"]
[TimeControl "90'+30\""]
[WhiteElo "2426"]
[BlackElo "2306"]

1. d4 {[%clk 01:21:17]} {[%emt 00:09:35]} Nf6 {[%clk 01:30:30]} {[%emt
00:00:38]} 2. Nf3 {[%clk 01:21:32]} {[%emt 00:00:15]} e6 {[%clk 01:30:30]}
{[%emt 00:00:29]} 3. Bf4 {[%clk 01:21:54]} {[%emt 00:00:09]} c5 {[%clk
01:28:22]} {[%emt 00:02:39]} 4. e3 {[%clk 01:22:05]} {[%emt 00:00:19]} Qb6
{[%clk 01:26:30]} {[%emt 00:02:22]} 5. Na3 {[%clk 01:19:55]} {[%emt 00:02:39]}
cxd4 {[%clk 01:24:59]} {[%emt 00:02:02]} 6. Nc4 {[%clk 01:20:18]} {[%emt
00:00:06]} Qb4+ {[%clk 01:23:40]} {[%emt 00:01:49]} 7. c3 {[%clk 01:20:34]}
{[%emt 00:00:13]} dxc3 {[%clk 01:24:05]} {[%emt 00:00:06]} 8. a3 {[%clk
01:14:33]} {[%emt 00:06:31]} c2+ {[%clk 01:18:38]} {[%emt 00:05:58]} 9. axb4
{[%clk 01:14:55]} {[%emt 00:00:07]} cxd1=Q+ {[%clk 01:18:52]} {[%emt 00:00:17]}
10. Kxd1 {[%clk 01:14:48]} {[%emt 00:00:37]} Na6 {[%clk 01:17:58]} {[%emt
00:01:24]} 11. b5 {[%clk 01:15:12]} {[%emt 00:00:05]} d5 {[%clk 01:18:21]}
{[%emt 00:00:07]} 12. bxa6 {[%clk 01:15:37]} {[%emt 00:00:05]} dxc4 {[%clk
01:18:42]} {[%emt 00:00:09]} 13. Bxc4 {[%clk 01:16:02]} {[%emt 00:00:04]} bxa6
{[%clk 00:44:36]} {[%emt 00:34:37]} 14. Ke2 {[%clk 01:16:22]} {[%emt 00:00:10]}
Bb7 {[%clk 00:30:30]} {[%emt 00:14:37]} 15. Bxa6 {[%clk 01:01:51]} {[%emt
00:15:01]} Bxa6+ {[%clk 00:29:44]} {[%emt 00:01:16]} 16. Rxa6 {[%clk 01:02:15]}
{[%emt 00:00:05]} Bc5 {[%clk 00:17:50]} {[%emt 00:12:25]} 17. Rc1 {[%clk
00:52:01]} {[%emt 00:10:43]} Bb6 {[%clk 00:17:22]} {[%emt 00:00:59]} 18. Bd6
{[%clk 00:50:52]} {[%emt 00:01:39]} Ne4 {[%clk 00:11:42]} {[%emt 00:06:10]} 19.
Ba3 {[%clk 00:50:16]} {[%emt 00:01:06]} f6 {[%clk 00:08:32]} {[%emt 00:03:39]}
20. Ra4 {[%clk 00:33:42]} {[%emt 00:17:04]} Ng5 {[%clk 00:08:29]} {[%emt
00:00:33]} 21. Rc6 {[%clk 00:30:11]} {[%emt 00:04:01]} Kf7 {[%clk 00:05:03]}
{[%emt 00:03:56]} 22. Nd2 {[%clk 00:30:10]} {[%emt 00:00:31]} e5 {[%clk
00:04:39]} {[%emt 00:00:55]} 23. Nc4 {[%clk 00:30:12]} {[%emt 00:00:27]} Rhd8
{[%clk 00:03:58]} {[%emt 00:01:11]} 24. h4 {[%clk 00:23:50]} {[%emt 00:06:53]}
Ne6 {[%clk 00:04:24]} {[%emt 00:00:03]} 25. Nxb6 {[%clk 00:23:35]} {[%emt
00:00:45]} axb6 {[%clk 00:04:49]} {[%emt 00:00:05]} 26. Rxa8 {[%clk 00:24:00]}
{[%emt 00:00:05]} Rxa8 {[%clk 00:05:17]} {[%emt 00:00:02]} 27. Rxb6 {[%clk
00:24:22]} {[%emt 00:00:08]} Ra7 {[%clk 00:03:08]} {[%emt 00:02:39]} 28. g4
{[%clk 00:22:35]} {[%emt 00:02:17]} g6 {[%clk 00:02:22]} {[%emt 00:01:16]} 29.
Bb4 {[%clk 00:21:23]} {[%emt 00:01:42]} h5 {[%clk 00:01:37]} {[%emt 00:01:15]}
30. gxh5 {[%clk 00:16:29]} {[%emt 00:05:24]} gxh5 {[%clk 00:02:04]} {[%emt
00:00:03]} 31. Kf3 {[%clk 00:16:41]} {[%emt 00:00:19]} Ra4 {[%clk 00:01:01]}
{[%emt 00:01:32]} 32. Ke4 {[%clk 00:13:29]} {[%emt 00:03:42]} Ng7 {[%clk
00:01:12]} {[%emt 00:00:19]} 33. f4 {[%clk 00:10:02]} {[%emt 00:03:57]} exf4
{[%clk 00:01:39]} {[%emt 00:00:04]} 34. exf4 {[%clk 00:10:08]} {[%emt
00:00:23]} Kg6 {[%clk 00:01:14]} {[%emt 00:00:55]} 35. b3 {[%clk 00:10:17]}
{[%emt 00:00:21]} Ra8 {[%clk 00:00:51]} {[%emt 00:00:53]} 36. Bc3 {[%clk
00:10:27]} {[%emt 00:00:21]} Rf8 {[%clk 00:00:46]} {[%emt 00:00:34]} 37. b4
{[%clk 00:10:18]} {[%emt 00:00:39]} Nf5 {[%clk 00:00:36]} {[%emt 00:00:41]} 38.
b5 {[%clk 00:10:25]} {[%emt 00:00:23]} Re8+ {[%clk 00:00:37]} {[%emt 00:00:29]}
39. Be5 {[%clk 00:09:39]} {[%emt 00:01:15]} Nxh4 {[%clk 00:00:32]} {[%emt
00:00:35]} 40. Rxf6+ {[%clk 00:09:58]} {[%emt 00:00:11]} Kh7 {[%clk 00:00:56]}
{[%emt 00:00:06]} 41. b6 {[%clk 00:08:15]} {[%emt 00:02:14]} Re7 {[%clk
00:01:02]} {[%emt 00:00:24]} 42. Rc6 {[%clk 00:07:18]} {[%emt 00:01:26]} Re6
{[%clk 00:00:43]} {[%emt 00:00:49]} 43. Rxe6 {[%clk 00:07:41]} {[%emt
00:00:06]} 1-0

[Event "XLIV Memoriał Szachowy Ludwika Zamenhofa 2025, Grupa A"]
[Site "Białystok, Poland"]
[Date "2025.12.29"]
[Round "5.6"]
[White "Obrycki, Tomasz"]
[Black "Pidluznij, Gleb"]
[Result "1/2-1/2"]
[TimeControl "90'+30\""]
[WhiteElo "2068"]
[BlackElo "2411"]

1. c4 {[%clk 01:30:55]} {[%emt 00:00:04]} e6 {[%clk 01:30:35]} {[%emt
00:00:25]} 2. g3 {[%clk 01:31:05]} {[%emt 00:00:21]} d5 {[%clk 01:30:57]}
{[%emt 00:00:08]} 3. Bg2 {[%clk 01:31:21]} {[%emt 00:00:14]} d4 {[%clk
01:31:03]} {[%emt 00:00:23]} 4. Nf3 {[%clk 01:31:19]} {[%emt 00:00:32]} Nc6
{[%clk 01:31:22]} {[%emt 00:00:11]} 5. O-O {[%clk 01:29:06]} {[%emt 00:02:44]}
Nh6 {[%clk 01:31:14]} {[%emt 00:00:37]} 6. e3 {[%clk 01:19:23]} {[%emt
00:10:13]} Nf5 {[%clk 01:31:32]} {[%emt 00:00:12]} 7. exd4 {[%clk 01:07:02]}
{[%emt 00:12:52]} Ncxd4 {[%clk 01:29:49]} {[%emt 00:02:12]} 8. d3 {[%clk
01:04:10]} {[%emt 00:03:23]} Be7 {[%clk 01:30:01]} {[%emt 00:00:18]} 9. Nc3
{[%clk 01:01:33]} {[%emt 00:03:07]} O-O {[%clk 01:29:52]} {[%emt 00:00:38]} 10.
b3 {[%clk 00:54:47]} {[%emt 00:07:16]} Nxf3+ {[%clk 01:27:39]} {[%emt
00:02:44]} 11. Bxf3 {[%clk 00:53:45]} {[%emt 00:01:31]} c6 {[%clk 01:28:02]}
{[%emt 00:00:06]} 12. Bb2 {[%clk 00:44:11]} {[%emt 00:10:04]} Bf6 {[%clk
01:27:32]} {[%emt 00:01:01]} 13. Qd2 {[%clk 00:42:59]} {[%emt 00:01:40]} Qc7
{[%clk 01:26:51]} {[%emt 00:01:13]} 14. Ne2 {[%clk 00:40:22]} {[%emt 00:03:07]}
e5 {[%clk 01:15:30]} {[%emt 00:11:51]} 15. Rad1 {[%emt 00:17:08]} a5 {[%clk
01:05:05]} 16. Bc3 {[%clk 00:31:40]} {[%emt 00:03:29]} Rd8 {[%clk 01:05:22]}
{[%emt 00:00:13]} 17. Qb2 {[%clk 00:31:27]} {[%emt 00:00:41]} Be6 {[%clk
00:53:47]} {[%emt 00:12:08]} 18. Be4 {[%clk 00:23:28]} {[%emt 00:08:28]} h5
{[%clk 00:47:19]} {[%emt 00:06:57]} 19. Bxf5 {[%clk 00:15:05]} {[%emt
00:08:55]} Bxf5 {[%clk 00:47:48]} {[%emt 00:00:01]} 20. d4 {[%clk 00:14:54]}
{[%emt 00:00:41]} exd4 {[%clk 00:33:43]} {[%emt 00:14:35]} 21. Bxd4 {[%clk
00:12:51]} {[%emt 00:02:33]} Rxd4 {[%clk 00:33:27]} {[%emt 00:00:45]} 22. Nxd4
{[%clk 00:12:42]} {[%emt 00:00:39]} Bh3 {[%clk 00:33:30]} {[%emt 00:00:27]} 23.
Qe2 {[%clk 00:11:39]} {[%emt 00:01:33]} Bxf1 {[%clk 00:33:54]} {[%emt
00:00:07]} 24. Kxf1 {[%clk 00:11:36]} {[%emt 00:00:33]} g6 {[%clk 00:33:59]}
{[%emt 00:00:24]} 25. Nf3 {[%clk 00:10:57]} {[%emt 00:01:09]} a4 {[%clk
00:33:22]} {[%emt 00:01:08]} 26. Rd3 {[%clk 00:10:26]} {[%emt 00:00:59]} a3
{[%clk 00:16:46]} {[%emt 00:17:06]} 27. Qd2 {[%clk 00:09:33]} {[%emt 00:01:22]}
Qe7 {[%clk 00:13:50]} {[%emt 00:03:28]} 28. Qe3 {[%clk 00:06:12]} {[%emt
00:03:47]} Qxe3 {[%clk 00:13:27]} {[%emt 00:00:57]} 29. Rxe3 {[%clk 00:06:20]}
{[%emt 00:00:23]} Bb2 {[%clk 00:11:31]} {[%emt 00:02:26]} 30. Re7 {[%clk
00:04:45]} {[%emt 00:01:59]} Rd8 {[%clk 00:09:22]} {[%emt 00:02:45]} 31. Ke2
{[%clk 00:04:09]} {[%emt 00:01:06]} b5 {[%clk 00:09:41]} {[%emt 00:00:10]} 32.
Re4 {[%clk 00:02:32]} {[%emt 00:02:04]} Bc3 {[%clk 00:09:50]} {[%emt 00:00:24]}
33. Re3 {[%clk 00:02:10]} {[%emt 00:00:51]} Bb2 {[%clk 00:06:46]} {[%emt
00:03:35]} 34. Rd3 {[%clk 00:01:38]} {[%emt 00:01:01]} Re8+ {[%clk 00:07:13]}
{[%emt 00:00:05]} 35. Re3 {[%clk 00:01:54]} {[%emt 00:00:13]} Rc8 {[%clk
00:07:42]} {[%emt 00:00:02]} 36. Nd2 {[%clk 00:01:15]} {[%emt 00:01:08]} Kg7
{[%clk 00:06:06]} {[%emt 00:02:06]} 37. Rd3 {[%clk 00:01:30]} {[%emt 00:00:13]}
Rc7 {[%clk 00:06:05]} {[%emt 00:00:34]} 38. Re3 {[%clk 00:01:36]} {[%emt
00:00:24]} b4 {[%clk 00:06:26]} {[%emt 00:00:08]} 39. Nf3 {[%clk 00:01:23]}
{[%emt 00:00:43]} Bc3 {[%clk 00:06:07]} {[%emt 00:00:50]} 40. Rd3 {[%clk
00:01:08]} {[%emt 00:00:44]} c5 {[%clk 00:04:27]} {[%emt 00:02:11]} 41. Rd5
{[%clk 00:01:12]} {[%emt 00:00:23]} Rc6 {[%clk 00:04:41]} {[%emt 00:00:19]} 42.
Kd3 {[%clk 00:01:08]} {[%emt 00:00:32]} Rf6 {[%clk 00:02:18]} {[%emt 00:02:54]}
43. Ke2 {[%clk 00:01:18]} {[%emt 00:00:19]} Rc6 {[%clk 00:02:28]} {[%emt
00:00:21]} 44. Kd3 {[%clk 00:01:42]} {[%emt 00:00:06]} Rf6 {[%clk 00:02:03]}
{[%emt 00:00:55]} 45. Ke2 {[%clk 00:02:10]} {[%emt 00:00:02]} Rc6 {[%clk
00:01:58]} {[%emt 00:00:35]} 46. Kd3 {[%clk 00:02:39]} {[%emt 00:00:01]} Rf6
{[%clk 00:01:22]} {[%emt 00:01:06]} 47. Ke2 {[%clk 00:02:42]} {[%emt 00:00:28]}
1/2-1/2

[Event "XLIV Memoriał Szachowy Ludwika Zamenhofa 2025, Grupa A"]
[Site "Białystok, Poland"]
[Date "2025.12.29"]
[Round "5.7"]
[White "Wojdak, Jan"]
[Black "Cukrowski, Filip"]
[Result "1/2-1/2"]
[TimeControl "90'+30\""]
[WhiteElo "2214"]
[BlackElo "2417"]

1. e4 {[%clk 01:21:35]} {[%emt 00:00:33]} c5 {[%clk 01:19:52]} {[%emt
00:11:09]} 2. Nf3 {[%clk 01:21:58]} {[%emt 00:00:07]} d6 {[%clk 01:20:13]}
{[%emt 00:00:10]} 3. d4 {[%clk 01:22:16]} {[%emt 00:00:11]} cxd4 {[%clk
01:20:38]} {[%emt 00:00:06]} 4. Nxd4 {[%clk 01:22:42]} {[%emt 00:00:04]} Nf6
{[%clk 01:21:01]} {[%emt 00:00:07]} 5. Nc3 {[%clk 01:23:08]} {[%emt 00:00:03]}
a6 {[%clk 01:21:26]} {[%emt 00:00:06]} 6. f4 {[%clk 01:23:34]} {[%emt
00:00:04]} e5 {[%clk 01:21:35]} {[%emt 00:00:20]} 7. Nf3 {[%clk 01:23:58]}
{[%emt 00:00:06]} Nbd7 {[%clk 01:20:18]} {[%emt 00:01:47]} 8. a4 {[%clk
01:24:21]} {[%emt 00:00:07]} Be7 {[%clk 01:20:39]} {[%emt 00:00:08]} 9. Bc4
{[%clk 01:21:11]} {[%emt 00:03:40]} O-O {[%clk 01:15:41]} {[%emt 00:05:29]} 10.
O-O {[%clk 01:06:35]} {[%emt 00:15:06]} b6 {[%clk 00:43:49]} {[%emt 00:32:23]}
11. Qe2 {[%clk 00:53:49]} {[%emt 00:13:15]} Bb7 {[%clk 00:41:29]} {[%emt
00:02:50]} 12. Kh1 {[%clk 00:45:46]} {[%emt 00:08:32]} Qc7 {[%clk 00:26:29]}
{[%emt 00:15:31]} 13. fxe5 {[%clk 00:21:01]} {[%emt 00:25:15]} dxe5 {[%clk
00:11:40]} {[%emt 00:15:19]} 14. Nh4 {[%clk 00:21:26]} {[%emt 00:00:05]} Nc5
{[%clk 00:04:20]} {[%emt 00:07:51]} 15. Nf5 {[%clk 00:21:15]} {[%emt 00:00:40]}
Ncxe4 {[%clk 00:02:23]} {[%emt 00:02:28]} 16. Nxe4 {[%clk 00:20:55]} {[%emt
00:00:50]} Nxe4 {[%clk 00:00:52]} {[%emt 00:02:01]} 17. Qg4 {[%clk 00:20:48]}
{[%emt 00:00:36]} g6 {[%clk 00:01:19]} {[%emt 00:00:04]} 18. Nxe7+ {[%clk
00:09:52]} {[%emt 00:11:26]} Qxe7 {[%clk 00:01:48]} {[%emt 00:00:02]} 19. Bh6
{[%clk 00:10:17]} {[%emt 00:00:04]} Kh8 {[%clk 00:00:38]} {[%emt 00:01:41]} 20.
Bxf8 {[%clk 00:09:24]} {[%emt 00:01:22]} Rxf8 {[%clk 00:01:06]} {[%emt
00:00:02]} 21. Rad1 {[%clk 00:06:48]} {[%emt 00:03:05]} f5 {[%clk 00:01:01]}
{[%emt 00:00:36]} 22. Qe2 {[%clk 00:07:01]} {[%emt 00:00:17]} Qh4 {[%clk
00:01:00]} {[%emt 00:00:31]} 23. Kg1 {[%clk 00:07:24]} {[%emt 00:00:07]} a5
{[%clk 00:00:38]} {[%emt 00:00:52]} 24. Bd5 {[%clk 00:06:36]} {[%emt 00:01:18]}
Qe7 {[%clk 00:00:33]} {[%emt 00:00:36]} 25. Bxb7 {[%clk 00:04:44]} {[%emt
00:02:21]} Qxb7 {[%clk 00:01:02]} {[%emt 00:00:01]} 26. Qb5 {[%clk 00:04:38]}
{[%emt 00:00:36]} Qc7 {[%clk 00:00:56]} {[%emt 00:00:36]} 27. Rd7 {[%clk
00:04:17]} {[%emt 00:00:50]} Qc5+ {[%clk 00:01:12]} {[%emt 00:00:15]} 28. Qxc5
{[%clk 00:04:43]} {[%emt 00:00:04]} Nxc5 {[%emt 00:00:03]} 29. Rd5 {[%clk
00:04:02]} {[%emt 00:01:09]} Nxa4 {[%clk 00:01:50]} {[%emt 00:00:21]} 30. b3
{[%clk 00:04:21]} {[%emt 00:00:12]} Nc3 {[%clk 00:02:02]} {[%emt 00:00:18]} 31.
Rxe5 {[%clk 00:04:46]} {[%emt 00:00:05]} Rc8 {[%clk 00:02:23]} {[%emt
00:00:09]} 32. Re7 {[%clk 00:03:27]} {[%emt 00:01:48]} Nd5 {[%clk 00:01:10]}
{[%emt 00:01:43]} 33. Rd7 {[%clk 00:00:54]} {[%emt 00:03:02]} Ne3 {[%clk
00:01:33]} {[%emt 00:00:08]} 34. Re1 {[%clk 00:01:21]} {[%emt 00:00:03]} f4
{[%clk 00:02:00]} {[%emt 00:00:03]} 35. c4 {[%clk 00:01:08]} {[%emt 00:00:43]}
Rc6 {[%clk 00:01:30]} {[%emt 00:01:01]} 36. Kf2 {[%clk 00:01:04]} {[%emt
00:00:33]} g5 {[%clk 00:01:48]} {[%emt 00:00:13]} 37. g3 {[%clk 00:00:57]}
{[%emt 00:00:36]} Re6 {[%clk 00:01:25]} {[%emt 00:00:53]} 38. h3 {[%clk
00:00:58]} {[%emt 00:00:30]} Ng4+ {[%clk 00:01:31]} {[%emt 00:00:24]} 39. hxg4
{[%clk 00:00:41]} {[%emt 00:00:47]} fxg3+ {[%clk 00:01:57]} {[%emt 00:00:04]}
40. Kxg3 {[%clk 00:01:01]} {[%emt 00:00:09]} Rxe1 {[%clk 00:02:22]} {[%emt
00:00:05]} 41. Kf3 {[%clk 00:01:03]} {[%emt 00:00:28]} Re6 {[%clk 00:01:51]}
{[%emt 00:01:01]} 42. Rc7 {[%clk 00:01:22]} {[%emt 00:00:12]} h6 {[%clk
00:01:28]} {[%emt 00:00:52]} 43. c5 {[%clk 00:01:17]} {[%emt 00:00:36]} Kg8
{[%clk 00:00:46]} {[%emt 00:01:12]} 44. Ra7 {[%clk 00:01:00]} {[%emt 00:00:46]}
bxc5 {[%clk 00:00:56]} {[%emt 00:00:20]} 45. Rxa5 {[%clk 00:01:25]} {[%emt
00:00:05]} Rb6 {[%clk 00:00:55]} {[%emt 00:00:31]} 46. Rxc5 {[%clk 00:01:41]}
{[%emt 00:00:14]} Rxb3+ {[%clk 00:01:12]} {[%emt 00:00:13]} 47. Kg2 {[%clk
00:01:47]} {[%emt 00:00:23]} 1/2-1/2

[Event "XLIV Memoriał Szachowy Ludwika Zamenhofa 2025, Grupa A"]
[Site "Białystok, Poland"]
[Date "2025.12.29"]
[Round "5.8"]
[White "Krawczyk, Flawian"]
[Black "Borowik, Wojciech"]
[Result "1-0"]
[TimeControl "90'+30\""]
[WhiteElo "2292"]
[BlackElo "2204"]

1. e4 {[%clk 01:30:58]} {[%emt 00:00:01]} c5 {[%clk 01:30:52]} {[%emt
00:00:09]} 2. Nf3 {[%clk 01:31:24]} {[%emt 00:00:03]} d6 {[%clk 01:31:07]}
{[%emt 00:00:15]} 3. d4 {[%clk 01:31:51]} {[%emt 00:00:03]} cxd4 {[%clk
01:31:18]} {[%emt 00:00:20]} 4. Nxd4 {[%clk 01:32:18]} {[%emt 00:00:03]} Nf6
{[%clk 01:31:35]} {[%emt 00:00:12]} 5. Nc3 {[%clk 01:32:46]} {[%emt 00:00:02]}
a6 {[%clk 01:31:50]} {[%emt 00:00:15]} 6. Bd3 {[%clk 01:33:14]} {[%emt
00:00:02]} g6 {[%clk 01:28:36]} {[%emt 00:03:45]} 7. f3 {[%clk 01:33:35]}
{[%emt 00:00:09]} Bg7 {[%clk 01:26:58]} {[%emt 00:02:08]} 8. Be3 {[%clk
01:34:01]} {[%emt 00:00:04]} Nc6 {[%clk 01:19:09]} {[%emt 00:08:18]} 9. Qd2
{[%clk 01:34:21]} {[%emt 00:00:11]} O-O {[%clk 01:12:44]} {[%emt 00:06:54]} 10.
O-O-O {[%clk 01:34:44]} {[%emt 00:00:06]} d5 {[%clk 01:03:31]} {[%emt
00:09:44]} 11. Nxc6 {[%clk 01:35:11]} {[%emt 00:00:04]} bxc6 {[%clk 01:03:55]}
{[%emt 00:00:07]} 12. Bc4 {[%clk 01:35:39]} {[%emt 00:00:01]} Rb8 {[%clk
00:50:39]} {[%emt 00:13:45]} 13. Bb3 {[%clk 01:35:42]} {[%emt 00:00:28]} Be6
{[%clk 00:49:25]} {[%emt 00:01:42]} 14. Bf4 {[%clk 01:28:28]} {[%emt 00:07:45]}
Rb7 {[%clk 00:44:56]} {[%emt 00:05:00]} 15. Bh6 {[%clk 01:26:59]} {[%emt
00:01:58]} Qa5 {[%clk 00:41:14]} {[%emt 00:04:13]} 16. exd5 {[%clk 01:18:08]}
{[%emt 00:09:20]} Rd8 {[%clk 00:35:52]} {[%emt 00:05:53]} 17. dxe6 {[%clk
01:13:13]} {[%emt 00:05:25]} Rxd2 {[%clk 00:35:38]} {[%emt 00:00:44]} 18. exf7+
{[%clk 01:13:39]} {[%emt 00:00:03]} Kf8 {[%clk 00:35:46]} {[%emt 00:00:22]} 19.
Bxg7+ {[%clk 01:14:07]} {[%emt 00:00:03]} Kxg7 {[%clk 00:36:06]} {[%emt
00:00:10]} 20. Rxd2 {[%clk 01:14:32]} {[%emt 00:00:04]} Rd7 {[%clk 00:30:16]}
{[%emt 00:06:20]} 21. Rhd1 {[%clk 01:09:00]} {[%emt 00:06:02]} Rxd2 {[%clk
00:29:48]} {[%emt 00:00:59]} 22. Rxd2 {[%clk 01:09:23]} {[%emt 00:00:06]} Qc7
{[%clk 00:20:25]} {[%emt 00:09:53]} 23. g3 {[%clk 01:04:40]} {[%emt 00:05:13]}
Nd7 {[%clk 00:18:58]} {[%emt 00:01:57]} 24. Ne4 {[%clk 01:04:49]} {[%emt
00:00:22]} Nf8 {[%clk 00:17:25]} {[%emt 00:02:03]} 25. a3 {[%clk 01:02:30]}
{[%emt 00:02:48]} e6 {[%clk 00:15:02]} {[%emt 00:02:53]} 26. Nd6 {[%clk
01:02:15]} {[%emt 00:00:45]} Qa5 {[%clk 00:10:51]} {[%emt 00:04:41]} 27. f4
{[%clk 01:01:25]} {[%emt 00:01:19]} Kf6 {[%clk 00:10:44]} {[%emt 00:00:38]} 28.
Nc4 {[%clk 00:59:57]} {[%emt 00:01:58]} Qc5 {[%clk 00:09:01]} {[%emt 00:02:12]}
29. Ne5 {[%clk 01:00:20]} {[%emt 00:00:07]} Ke7 {[%clk 00:08:37]} {[%emt
00:00:55]} 30. Kb1 {[%clk 00:58:50]} {[%emt 00:01:59]} g5 {[%clk 00:04:42]}
{[%emt 00:04:27]} 31. Ka2 {[%clk 00:59:16]} {[%emt 00:00:03]} gxf4 {[%clk
00:02:17]} {[%emt 00:02:55]} 32. gxf4 {[%clk 00:59:45]} {[%emt 00:00:01]} Qe3
{[%clk 00:01:55]} {[%emt 00:00:52]} 33. Rd4 {[%clk 01:00:13]} {[%emt 00:00:03]}
c5 {[%clk 00:01:17]} {[%emt 00:01:08]} 34. Ra4 {[%clk 01:00:35]} {[%emt
00:00:08]} Ng6 {[%clk 00:00:41]} {[%emt 00:01:06]} 35. Rxa6 {[%clk 01:00:45]}
{[%emt 00:00:20]} Nxe5 {[%clk 00:00:32]} {[%emt 00:00:39]} 36. Rxe6+ {[%clk
01:01:13]} {[%emt 00:00:02]} Kf8 {[%clk 00:00:37]} {[%emt 00:00:25]} 37. Re8+
{[%clk 01:01:38]} {[%emt 00:00:04]} 1-0

[Event "XLIV Memoriał Szachowy Ludwika Zamenhofa 2025, Grupa A"]
[Site "Białystok, Poland"]
[Date "2025.12.29"]
[Round "5.9"]
[White "Rekuc, Patryk"]
[Black "Rozycki, Bartlomiej"]
[Result "1-0"]
[TimeControl "90'+30\""]
[WhiteElo "2288"]
[BlackElo "2197"]

1. c4 {[%clk 01:28:52]} {[%emt 00:02:01]} Nf6 {[%clk 01:29:46]} {[%emt
00:01:21]} 2. g3 {[%clk 01:29:09]} {[%emt 00:00:13]} e5 {[%clk 01:29:17]}
{[%emt 00:00:59]} 3. Bg2 {[%clk 01:29:31]} {[%emt 00:00:07]} d5 {[%clk
01:29:38]} {[%emt 00:00:10]} 4. cxd5 {[%clk 01:29:53]} {[%emt 00:00:08]} Nxd5
{[%clk 01:30:06]} {[%emt 00:00:02]} 5. Nf3 {[%clk 01:30:12]} {[%emt 00:00:10]}
Nc6 {[%clk 01:30:34]} {[%emt 00:00:03]} 6. O-O {[%clk 01:30:31]} {[%emt
00:00:10]} Be7 {[%clk 01:30:44]} {[%emt 00:00:21]} 7. Nc3 {[%clk 01:30:49]}
{[%emt 00:00:11]} Nb6 {[%clk 01:31:11]} {[%emt 00:00:04]} 8. d3 {[%clk
01:31:06]} {[%emt 00:00:12]} O-O {[%clk 01:31:24]} {[%emt 00:00:17]} 9. a3
{[%clk 01:31:29]} {[%emt 00:00:07]} Re8 {[%clk 01:29:10]} {[%emt 00:02:44]} 10.
b4 {[%clk 01:31:23]} {[%emt 00:00:36]} Bf8 {[%clk 01:28:28]} {[%emt 00:01:13]}
11. Bb2 {[%clk 01:28:47]} {[%emt 00:03:05]} a5 {[%clk 01:27:46]} {[%emt
00:01:12]} 12. b5 {[%clk 01:25:44]} {[%emt 00:03:33]} Nd4 {[%clk 01:26:54]}
{[%emt 00:01:22]} 13. Nd2 {[%clk 01:23:07]} {[%emt 00:03:06]} a4 {[%clk
01:26:24]} {[%emt 00:01:01]} 14. Rb1 {[%clk 01:16:26]} {[%emt 00:07:11]} Qd7
{[%clk 01:15:07]} {[%emt 00:11:46]} 15. Nc4 {[%clk 01:12:35]} {[%emt 00:04:21]}
Qe6 {[%clk 01:05:57]} {[%emt 00:09:41]} 16. e3 {[%clk 00:53:46]} {[%emt
00:19:18]} Nb3 {[%clk 01:05:14]} {[%emt 00:01:14]} 17. Nxb6 {[%clk 00:49:11]}
{[%emt 00:05:05]} Qxb6 {[%clk 01:03:04]} {[%emt 00:02:40]} 18. Nxa4 {[%clk
00:48:39]} {[%emt 00:01:02]} Rxa4 {[%clk 01:01:20]} {[%emt 00:02:14]} 19. Qxb3
{[%clk 00:48:33]} {[%emt 00:00:36]} Ra5 {[%clk 01:00:27]} {[%emt 00:01:23]} 20.
a4 {[%clk 00:47:10]} {[%emt 00:01:54]} Be6 {[%clk 01:00:42]} {[%emt 00:00:14]}
21. Qc2 {[%clk 00:46:23]} {[%emt 00:01:16]} Bd6 {[%clk 00:55:17]} {[%emt
00:05:55]} 22. Bc3 {[%clk 00:43:45]} {[%emt 00:03:08]} Ra7 {[%clk 00:54:23]}
{[%emt 00:01:25]} 23. d4 {[%clk 00:38:57]} {[%emt 00:05:18]} Rea8 {[%clk
00:54:49]} {[%emt 00:00:04]} 24. dxe5 {[%clk 00:37:17]} {[%emt 00:02:10]} 1-0